000 00532nam a22001697a 4500
003 BD-ChCU
005 20260126103322.0
008 260126b bg ||||| |||| 00| 0 ben d
040 _cBD-ChCU
082 _a297.44 SYS
100 _aSyed Ahmad , Khan Bahadur.
_919669
245 _aA series of essays on the life of Muhammad and subjects subsidiary thereto ./
_cKhan Bahadur , Syed Ahmad .
260 _aLahore :
_bPremier books house ,
_cC 1968
300 _axv , 394p.
650 0 _aHazrat Mohammad
_919670
942 _2ddc
_cBK
_n0
999 _c111266
_d111266